000
00209nam a2200085Ia 4500
008
120527s9999 xx 000 0 und d
100
_a
BERANT, A
245
_a
Learning to pass ECDL using office 2000
942
_c
BK
999
_c
25792
_d
25792